01608nam a2200373 a 4500001001200000003000800012006001900020007001500039008004100054010001700095020002800112040002100140035002100161050002600182082001600208100003600224245008500260260004700345300002500392490006800417504006600485533015200551600005100703650006800754650004600822650003700868650003400905650002600939651004000965655002901005710001701034830005701051856012601108ebr10005635CaPaEBRm u cr cn|||||||||951121s1996 ctua sb 001 0 eng  z 95050459  z031329416X (alk. paper) aCaPaEBRcCaPaEBR a(OCoLC)17914920814aPS3558.I45bZ8 1996eb04a813/.542201 aReilly, John M.q(John Marsden)10aTony Hillermanh[electronic resource] :ba critical companion /cJohn M. Reilly. aWestport, Conn. :bGreenwood Press,c1996. axiii, 218 p. :bill.1 aCritical companions to popular contemporary writers,x1082-4979 aIncludes bibliographical references (p. [201]-213) and index. aElectronic reproduction.bPalo Alto, Calif. :cebrary,d2013.nAvailable via World Wide Web.nAccess may be limited to ebrary affiliated libraries.10aHillerman, TonyxCriticism and interpretation. 0aDetective and mystery stories, AmericanxHistory and criticism. 0aLeaphorn, Joe, Lt. (Fictitious character) 0aChee, Jim (Fictitious character) 0aNavajo Indians in literature. 0aPolice in literature. 0aSouthwestern StatesxIn literature. 7aElectronic books.2local2 aebrary, Inc. 0aCritical companions to popular contemporary writers.40uhttp://site.ebrary.com/lib/rucke/Doc?id=10005635zAn electronic book accessible through the World Wide Web; click to view